header

An introduction to Mathematical Statistics and its applications (Record no. 260243)

MARC details
000 -LEADER
fixed length control field 00435nam a22001577a 4500
003 - CONTROL NUMBER IDENTIFIER
control field OSt
005 - DATE AND TIME OF LATEST TRANSACTION
control field 20230623122609.0
008 - FIXED-LENGTH DATA ELEMENTS--GENERAL INFORMATION
fixed length control field 230623b xxu||||| |||| 00| 0 eng d
020 ## - INTERNATIONAL STANDARD BOOK NUMBER
International Standard Book Number 9780321766564
040 ## - CATALOGING SOURCE
Transcribing agency N/A
100 ## - MAIN ENTRY--PERSONAL NAME
Personal name Richard J Larsen & Morris L. Marx
245 ## - TITLE STATEMENT
Title An introduction to Mathematical Statistics and its applications
250 ## - EDITION STATEMENT
Edition statement Fifth Edition
260 ## - PUBLICATION, DISTRIBUTION, ETC. (IMPRINT)
Place of publication, distribution, etc New York
Name of publisher, distributor, etc Prentice Hall
Date of publication, distribution, etc 2001
942 ## - ADDED ENTRY ELEMENTS (KOHA)
Source of classification or shelving scheme Library of Congress Classification
Koha item type Long Loan Books
Holdings
Withdrawn status Lost status Source of classification or shelving scheme Damaged status Not for loan Collection code Home library Current library Shelving location Date acquired Total Checkouts Full call number Barcode Date last seen Date checked out Price effective from Koha item type
    Library of Congress Classification     Non-fiction Rongo University Library Rongo University Library General Stacks 23/06/2023 1 QA 276.L314 2001 20090756 08/03/2024 22/02/2024 23/06/2023 Long Loan Books

© 2026 Rongo University
Contact us: librarian | system librarian | Rongo university